Personnages Clan Zen'in - Jujutsu Kaisen - Statistiques

Statistiques générales
  • Ce quiz a été pris 113 fois
  • Le résultat moyen est 7 sur 10
Statistiques - réponses
Par images Réponse % Correct
Maki Zen'in
100%
Megumi Zen'in / Fushiguro
100%
Toji Zen'in / Fushiguro
100%
Mai Zen'in
96%
Naoya Zen'in
93%
Naobito Zen'in
79%
Ogi Zen'in
42%
Jinichi Zen'in
41%
Ranta Zen'in
29%
Nobuaki Zen'in
9%
Aucun quiz correspondant
Distribution des résultats
% des personnes avec chaque résultat
Percentile par nombre de réponses
Votre historique - résultats
Vous n’avez pas pris ce quiz